000
00360nam a2200157Ia 4500
008
151213s9999 xx 000 0 und d
100
_a
Salman Rushdie
245
_a
Children
_c
Salman Rushdie
250
_a
1st
260
_a
London
_b
Vintage
_c
2006
300
_a
4224 p.
650
_a
English
650
_a
Fiction
700
_a
Salman Rushdie
999
_c
2648
_d
2648